Soustavy podnikových informací

Salvato in:
Dettagli Bibliografici
Autore principale: Musil, Jaromír
Ente Autore: Vysoká škola chemicko-technologická v Praze
Altri autori: Třetina, František, Koutková, Eva
Natura: Libro
Lingua:ceco
Pubblicazione: Praha Státní nakladatelství technické literatury 1984
Tags: Aggiungi Tag
Nessun Tag, puoi essere il primo ad aggiungerne!!

MARC

LEADER 00000nam a2200000 4500
001 c116478
005 20190214090350.3
041 0 |a cze 
044 |a CZ 
245 1 0 |a Soustavy podnikových informací  |c Jaromír Musil, František Třetina, Eva Koutková 
264 1 |a Praha  |b Státní nakladatelství technické literatury  |c 1984 
300 |a 201 s. 
100 1 |a Musil, Jaromír 
700 1 |a Třetina, František 
700 1 |a Koutková, Eva 
710 2 |a Vysoká škola chemicko-technologická v Praze